| 000 | 00460nam a2200205Ia 4500 | ||
|---|---|---|---|
| 001 | 13097 | ||
| 003 | GE_BSU | ||
| 008 | 181216s||||||||xx |||||||||||||| ||und|| | ||
| 020 | _a9780671041557 | ||
| 040 | _cGE_BSU | ||
| 080 | _a821.111-3 | ||
| 100 | _aKnaak,Richard A. | ||
| 245 | _aDiablo:Legacy of Blood. | ||
| 260 | _aNew York. | ||
| 260 | _bPocket Books. | ||
| 260 | _c2001 | ||
| 300 | _a355p;18cm. | ||
| 653 | _aDiablo:Legacy of Blood. | ||
| 942 | _cBK | ||
| 999 |
_c46263 _d46263 |
||